01124 2200289 4500001002100000005001500021035002000036007000300056008004100059020001800100082001200118084001600130245019600146250002000342300003000362650001300392650001800405700002600423700002400449520022500473264003000698336002100728337003000749338002300779990001600802990001600818INLIS00000000000040520260424110119 a0010-0426000404ta260424 g 0 ind  a9789792931525 a005.369 a005.369 PAN aPanduan aplikatif & solusi (PAS) pinnacle studio 15 :buntuk pengolahan video ditigal /cpenyunting , Hernita P ; Setting , Sri Sulistiyani ; Ilustrator , dan_dut ; Korektor , Putri Christian aCetakan pertama a244 :bilustrasi ;c23 cm 4aKomputer 4aVideo digital0 aHernita PePenyunting0 adan_duteIlustrator aPanduan praktis yang membahas teknik pengeditan video dari dasar hingga mahir. Buku ini fokus pada fitur-fitur Pinnacle Studio 15 seperti capture mudah, efek real-time, dan pengaturan video/audio untuk hasil profesional. aYogyakarta :bANDI,c2012 2rdacontentaTeks 2rdamediaaTanpa perantara 2rdacarrieraVolume aPP000761/19 aPP003810/19